00940cam a2200265 a 4500001001000000003000400010005001700014008004100031020001500072040002500087082001900112100003700131245003200168260005600200300002100256490001400277590002800291650002800319650003000347910002800377942001300405952011900418952012200537999001500659000006173OSt20201002125103.0040414s2002 mx 001 0 spa  a968834592X aDO-SdBNPbspacBNPHU aM861.44bM322a1 aMarcué, Ignacio,d1952-91730810aAljibe /cIgnacio Marcué. aXalapa, México :bUniversidad Veracruzana,c2002. a105 p. ;c21 cm.1 aFicción aInventariado, 2020 / DG 4aPoesía mexicana99120 4aLiteratura mexicana91922 aInventariado, 2020 / DG 2ddccLF1 00102ddc50718MOaGRbGRcCTd2009-08-26eDonaciòniLF1l0oM861.44 M322ap6173-10r2020-06-25w2020-06-25y1 001150718MOaGRbGRcMId2017-04-20iLF1l0oM861.44 M322ap6173-20r2020-06-25te. 2w2020-06-25y1ZNo se presta c5969d5969